Mafalda 5 /
Guardado en:
| Autor Principal: | |
|---|---|
| Otros Autores: | |
| Formato: | Libro |
| Publicado: |
Buenos Aires :
De la Flor,
2000
|
| Materias: | |
| Etiquetas: |
Agregar Etiqueta
Sin Etiquetas, Sea el primero en etiquetar este registro!
|
| LEADER | 00687nam a22002415a 4500 | ||
|---|---|---|---|
| 001 | CEM.cems014880 | ||
| 005 | 20180413175039.0 | ||
| 008 | 130507s2000##################000#0#####d | ||
| 003 | CEMS | ||
| 020 | |a 9505156057 | ||
| 082 | 0 | 4 | |a A867.4 |
| 100 | 1 | |a Quino | |
| 245 | 1 | 0 | |a Mafalda 5 / |c Quino [seudónimo] |
| 260 | |a Buenos Aires : |b De la Flor, |c 2000 | ||
| 300 | |a 51 p. | ||
| 500 | |a Quino es el seudónimo de Joaquín Salvador Lavado. | ||
| 653 | |a Humor | ||
| 653 | |a Historieta argentina | ||
| 653 | |a Historieta | ||
| 653 | |a Literatura | ||
| 653 | |a Literatura argentina | ||
| 700 | 1 | |a Lavado, Joaquín Salvador | |
| 859 | |a CEMS |b BIB. CEMS - 11 de abril |h A867.4 |i Q45-1 |p 27413.18 |t Ej.1 |v 5 |3 5 | ||
